000 00439nam a2200193Ia 4500
005 20240823022719.0
008 240823s9999||||xx |||||||||||||| ||und||
020 _a81-7809-139-9
041 _aENGLISH
082 _A158.1 P1
100 _a"Ziglar,Zig"
245 0 _aYou Can Reach The Top
250 _a1st
260 _c2001
_b"Magna,M"
_aMumbai
500 _aYES
650 _aPsycology
_bGeneral
942 _cBK
999 _c179828
_d179828